Représentation des séries statistiques - Statistiques

Statistiques générales
  • Ce quiz a été pris 11 fois
  • Le résultat moyen est 3 sur 8
Statistiques - réponses
Par images Réponse % Correct
Histogramme
56%
Diagramme circulaire
44%
Diagramme en barres
44%
Nuage de points
44%
Tableau à double entrée
44%
Boite à moustache
33%
Tableau à simple entrée
22%
Courbe graphique
11%
Aucun quiz correspondant
Distribution des résultats
% des personnes avec chaque résultat
Percentile par nombre de réponses
Votre historique - résultats
Vous n’avez pas pris ce quiz